书目信息 |
| 题名: |
光纤通信原理
|
|
| 作者: | 张德琨 编 | |
| 分册: | ||
| 出版信息: | 重庆 重庆大学出版社 1992.01 |
|
| 页数: | 150页 | |
| 开本: | 16开 | |
| 丛书名: | ||
| 单 册: | ||
| 中图分类: | TN929.11 | |
| 科图分类: | ||
| 主题词: | 光通信 , 激光通信 | |
| 电子资源: | ||
| ISBN: | 7-5624-0374-0 | |
| 000 | 00576nam0 2200205 45 | |
| 001 | 0009021692 | |
| 005 | 20000902164529.1 | |
| 010 | @a7-5624-0374-0@d10.00元 | |
| 100 | @a20000902d1992 km y0chiy0120 ea | |
| 101 | 0 | @achi |
| 105 | @a z 000yy | |
| 200 | 1 | @a光纤通信原理@AGuang Xian Tong Xin Yuan Li@f张德琨等编@FZhang De Kun Deng Bian |
| 210 | @a重庆@c重庆大学出版社@d1992.01 | |
| 215 | @a150页@d16开 | |
| 606 | 0 | @a光通信 |
| 606 | 0 | @a激光通信 |
| 690 | @aTN929.11@v3 | |
| 701 | 0 | @a张德琨@4编 |
| 801 | @aCN@bPftUser@c20000902 | |
| 905 | @b116699-701@dTN929.11@eZH394@f3 | |
| 光纤通信原理/张德琨等编.-重庆:重庆大学出版社,1992.01 |
| 150页;16开 |
| ISBN 7-5624-0374-0:10.00元 |
| ● |
| 相关链接 |
|
|
|
正题名:光纤通信原理
索取号:TN929.11/ZH394
 
预约/预借
| 序号 | 登录号 | 条形码 | 馆藏地/架位号 | 状态 | 备注 |
| 1 | 116699 | 201166996 | 自科二线504/504自科库 8排4列3层/ [索取号:TN929.11/ZH394] | 在馆 | |
| 2 | 116700 | 201167003 | 自科二线504/504自科库 8排4列3层/ [索取号:TN929.11/ZH394] | 在馆 | |
| 3 | 116701 | 201167012 | 期刊室512/301自科库 30排4列4层/ [索取号:TN929.11/ZH394] | 在馆 |